000 01344nam a2200337 c 4500
003 BLK
005 20241206005450.0
008 180408b bul|||||r ||||||| ||bul||
010 _aKNG00085236000
020 _a978-954-527-367-4
_bиздат.: Дамян Яков
040 _aBLK
041 _aBUL
_cBUL
080 _aБългарска литература
_b821.163.2
_x-1
_z821.163.2-1
100 _aБагряна, Елисавета
_d1893-1991
_qБелчева, Елисавета Любомирова
_9364149
700 1 _aДимитрова, Елка
_eпредг. от
_9365817
139 _aБагряна, Елисавета
_bБ 13
245 1 0 _aПоезия
_cЕлисавета Багряна; предг. от Елка Димитрова.
257 _aBGR
260 София
_bДамян Яков
_c2007
_fСофия : Симолини 94
300 _a152 с.
_c20 см
380 _aX
490 1 _aУчилищна библиотека
500 _aЕлисавета Багряна - псевд. на Елисавета Любомирова Белчева.
653 _aстихотворения
852 _aЦб 241039
856 4 _qpdf
_u
856 4 _qpdf
_u
942 _cKNG
_n0
_02
944 _aCR
_c29.08.2008
_lCRON CRON
_k
944 _aED
_c02.12.2011
_lф /
_k
999 _c80746
_d80746